Собрание сочинений. Т. 2: Мадмуазель Фифи | Жизнь | Рассказы вальдшнепа (Запись № 6459214)

Подробности
000 -МАРКЕР
контрольное поле 01211nam2a22002531 4500
001 - ИДЕНТИФИКАТОР ЗАПИСИ
контрольное поле rc\169186
005 - ИДЕНТИФИКАТОР ВЕРСИИ
контрольное поле 20250621061546.0
010 ## - МЕЖДУНАРОДНЫЙ СТАНДАРТНЫЙ НОМЕР КНИГИ (ISBN)
Номер (ISBN) 5-300-00489-8
035 ## - ДРУГИЕ СИСТЕМНЫЕ НОМЕРА
Идентификатор записи (NLR Aleph) 005616509
100 ## - ДАННЫЕ ОБЩЕЙ ОБРАБОТКИ
Данные общей обработки 20030307d1996 |||y0rusy50 ca
101 0# - ЯЗЫК РЕСУРСА
Язык текста, звукозаписи и т.д. русский
102 ## - СТРАНА ПУБЛИКАЦИИ ИЛИ ПРОИЗВОДСТВА
Страна публикации Российская Федерация
105 ## - ПОЛЕ КОДИРОВАННЫХ ДАННЫХ: ТЕКСТОВЫЕ МАТЕРИАЛЫ, МОНОГРАФИЧЕСКИЕ
Кодированные данные о монографическом текстовом документе y |||||||||
200 1# - ЗАГЛАВИЕ И СВЕДЕНИЯ ОБ ОТВЕТСТВЕННОСТИ
Основное заглавие Мадмуазель Фифи
Сведения, относящиеся к заглавию [Рассказы]
Основное заглавие Жизнь
Сведения, относящиеся к заглавию [Роман]
Основное заглавие Рассказы вальдшнепа
Первые сведения об ответственности [Пер. А.Н. Чеботаревской]
210 ## - ПУБЛИКАЦИЯ, РАСПРОСТРАНЕНИЕ И ДР.
Дата издания, распространения и т.д. 1996
Место издания, распространения и т.д. Б. м.
215 ## - ФИЗИЧЕСКАЯ ХАРАКТЕРИСТИКА
Специфическое обозначение материала и объем 397, [1] с.
320 ## - ПРИМЕЧАНИЯ О НАЛИЧИИ В ДОКУМЕНТЕ БИБЛИОГРАФИИ / УКАЗАТЕЛЯ
Текст примечания Библиогр. в примеч.: с. 381-388
461 #0 - УРОВЕНЬ НАБОРА
Встроенное поле 001rc\169184
-- 2001#$aСобрание сочинений$eВ 10 т.$e[Пер. с фр.]$fГи де Мопассан$g[Сост. и авт. предисл., с. 5-20, В. Пронин]$vТ. 2
-- 700#1$aМопассан$bГ. де$gГи де$f1850-1893
Системный номер (АБИС) связанной записи 6459197
Автор Мопассан, Г. де (1850-1893)
Место публикации М.
Дата публикации 1996-
Первые сведения об ответственности Ги де Мопассан
Имя издателя, распространителя и т.д. Изд. центр "Терра"
Сведения, относящиеся к заглавию В 10 т. : [Пер. с фр.]
Заглавие Собрание сочинений
ISBN 530000488X
Номер тома Т. 2
801 #0 - ИСТОЧНИК ЗАПИСИ
Страна Российская Федерация
Организация NLR
Правила каталогизации psbo
801 #1 - ИСТОЧНИК ЗАПИСИ
Страна Российская Федерация
Организация ELAR
Источник данных rusmarc
852 ## - МЕСТОНАХОЖДЕНИЕ И ШИФР ХРАНЕНИЯ
Идентификатор организации NLR
Шифр хранения (Call Number) 96-5/2080
942 ## - ДОПОЛНИТЕЛЬНЫЕ ЭЛЕМЕНТЫ ЗАПИСИ (АБИС)
Тип экземпляра АБИС Книга
980 ## - КОЛЛЕКЦИЯ
Название коллекции Национальная библиография
Экземпляры
Тип экземпляра Дата поступления Библиотека постоянного хранения Библиотека текущего хранения Место хранения Шифр хранения Штрих-код Статус экземпляра
Книга 26.10.2013 РНБ (Московский) РНБ (Московский) Русский книжный фонд: издания с 1957 года 96-5/2080 5616509-10